[Event "Hampstead op U2200 12"]
[Site "Hampstead"]
[Date "2013.12.22"]
[Round "5"]
[White "Balouka Myers, Gabriel"]
[Black "Goldberg, Jacob"]
[Result "1-0"]
[WhiteElo "1592"]
[BlackElo "1098"]
[PlyCount "87"]
[EventDate "2013.12.21"]
[EventType "swiss"]
[EventRounds "5"]
[EventCountry "ENG"]
[SourceTitle "EXT 2015"]
[Source "ChessBase"]
[SourceDate "2014.11.20"]
[SourceVersion "1"]
[SourceVersionDate "2014.11.20"]
[SourceQuality "1"]

1. e4 e5 2. Nf3 Nc6 3. Bb5 d6 4. Bxc6+ bxc6 5. d3 Bg4 6. h3 Bh5 7. Nbd2 Nf6 8. 0-0 Be7 9. b3 0-0 10. Bb2 Nd7 11. Nc4 f5 12. exf5 Rxf5 13. g4 Rf4 14. Bc1 Rf6 15. gxh5 Qf8 16. Kg2 Rf5 17. Rg1 Rxh5 18. Qe2 Qf5 19. Rh1 Nf6 20. Be3 Rf8 21. Rag1 Nd5 22. Bd2 Nf4+ 23. Bxf4 Qxf4 24. Qe3 Qf7 25. Ncd2 Rf5 26. Kf1 d5 27. Rg4 Bb4 28. Rxb4 d4 29. Qe4 Qf6 30. Rc4 Rf4 31. Qxc6 Qf5 32. Qd5+ Kh8 33. Qxe5 Qf7 34. Rxc7 Qg6 35. Qxf4 Re8 36. Rf7 h6 37. Rf8+ Rxf8 38. Qxf8+ Kh7 39. Rg1 Qf6 40. Qxf6 gxf6 41. Ne4 f5 42. Nf6+ Kh8 43. Ne5 h5 44. Nf7# 1-0

[Event "Hampstead op U2200 12"]
[Site "Hampstead"]
[Date "2013.12.22"]
[Round "4"]
[White "Landau, Jonathan"]
[Black "Goldberg, Jacob"]
[Result "1-0"]
[WhiteElo "1926"]
[BlackElo "1098"]
[PlyCount "67"]
[EventDate "2013.12.21"]
[EventType "swiss"]
[EventRounds "5"]
[EventCountry "ENG"]
[SourceTitle "EXT 2015"]
[Source "ChessBase"]
[SourceDate "2014.11.20"]
[SourceVersion "1"]
[SourceVersionDate "2014.11.20"]
[SourceQuality "1"]

1. e4 e5 2. Nc3 Nf6 3. f4 exf4 4. e5 Ng8 5. Nf3 Nc6 6. d4 d5 7. Bxf4 Bb4 8. Be2 Bf5 9. 0-0 f6 10. Bb5 Bxc3 11. bxc3 Bd7 12. Bd3 fxe5 13. Bxe5 Nxe5 14. Nxe5 Nf6 15. Nxd7 Qxd7 16. Bf5 Qc6 17. Re1+ Kf7 18. Be6+ Kf8 19. Qf3 Re8 20. Qh3 Re7 21. Re3 Ne4 22. Qf5+ Nf6 23. Rae1 Qd6 24. Bxd5 Rxe3 25. Rxe3 g6 26. Qf3 Kg7 27. Re6 Qf8 28. Bxb7 Qf7 29. Qe2 Ng8 30. Bd5 Qd7 31. Qe5+ Kf8 32. Bc6 Qg7 33. Re8+ Kf7 34. Qe6# 1-0